ISA handbook of control valves : a comprehensive reference book containing application and design information /
Guardado en:
| Autor Corporativo: | |
|---|---|
| Otros Autores: | |
| Formato: | Libro |
| Idioma: | English |
| Publicado: |
Pittsburgh :
Instrument Society of America (ISA),
c1976.
|
| Edición: | 2nd ed. |
| Materias: | |
| Etiquetas: |
Agregar Etiqueta
Sin Etiquetas, Sea el primero en etiquetar este registro!
|
| LEADER | 01200nam a22002415a 4500 | ||
|---|---|---|---|
| 001 | EIQ.libpla001222 | ||
| 008 | 760910s1976####pauao####bf###001#0#eng#d | ||
| 005 | 20061213165416.0 | ||
| 245 | 0 | 0 | |a ISA handbook of control valves : |b a comprehensive reference book containing application and design information / |c written and compiled by control valve experts who are members of the Final Control Elements Committee of ISA's Process Measurement and Control Division ; editor in chief, J. W. Hutchison ; managing editor, A. R. Merwick. |
| 250 | |a 2nd ed. | ||
| 260 | |a Pittsburgh : |b Instrument Society of America (ISA), |c c1976. | ||
| 300 | |a vii, 533 p. : |b il., fotos ; |c 26 cm. | ||
| 504 | |a Incluye referencias bibliográficas e índices. | ||
| 020 | |a 0876642342 | ||
| 700 | 1 | |a Hutchison, James W., |e ed. |4 edt | |
| 710 | 2 | |a Instrument Society of America. |b Process Measurement and Control Division. |b Final Control Elements Committee. | |
| 740 | |a Handbook of control valves. | ||
| 082 | 0 | 0 | |a 629.8/315 |
| 650 | 4 | |a Válvulas |x Handbooks, manuales, etc. | |
| 650 | 0 | |a Valves |x Handbooks, manuals, etc. | |
| 010 | |a 76368254 | ||
| 040 | |a DLC |c DLC |d AR-BbSID | ||
| 859 | |a AR-BbSID |b BIB. PLAPIQUI |h 621.381 6 |i In 8 |p 794 | ||
